Sistema administrativo web para la gestión y control de proceso del centro odontológico Betanco
En el presente trabajo monográfico tiene como propósito diseñar, implementar y desarrollar un sistema web ala mediada que va ayudar al consultorio de manera eficiente a la hora de realizar las citas respectivas de los diferentes doctores que trabajan para dicho consultorio.
| Main Authors: | , |
|---|---|
| Other Authors: | |
| Format: | Tesis Section = Libro |
| Language: | Undetermined Spanish |
| Published: |
Managua
UNI
2018
|
| Subjects: |
| LEADER | 01172nam a2200277Ia 4500 | ||
|---|---|---|---|
| 008 | 240830s9999 xx 000 0 und d | ||
| 040 | |a BIBLIOTECA-RUSB/ Mon 005.74 H887 | ||
| 041 | |a spa | ||
| 082 | |a Mon 005.74 H887 | ||
| 100 | 1 | |a Huerta Rodríguez, Jeffry Antonio | |
| 100 | 1 | |b Artola Saavedra, Antonio David | |
| 245 | 1 | 0 | |a Sistema administrativo web para la gestión y control de proceso del centro odontológico Betanco |
| 260 | |a Managua |b UNI |c 2018 | ||
| 300 | |a 120 p. :il. | ||
| 500 | |a Contiene: anexos y CD. | ||
| 502 | |a Tesis (Ingeniero en Computación) - UNI, 2018. | ||
| 520 | 3 | |a En el presente trabajo monográfico tiene como propósito diseñar, implementar y desarrollar un sistema web ala mediada que va ayudar al consultorio de manera eficiente a la hora de realizar las citas respectivas de los diferentes doctores que trabajan para dicho consultorio. | |
| 650 | 7 | |a SISTEMA WEB | |
| 650 | 7 | |b HERRAMIENTAS INFORMATICAS | |
| 650 | 7 | |c SISTEMA ADMINISTRATIVO | |
| 650 | 7 | |d GESTION DE PROCESOS | |
| 650 | 7 | |e INGENIERIA DEL SOFTWARE | |
| 700 | 1 | |a Tutor: |b Chávez Mairena, Luis Eduardo | |
| 942 | |c BK |2 ddc | ||
| 991 | |a TESIS | ||
| 999 | |c 19796 | ||